| 000 | 00827nam a2200229Ii 4500 | ||
|---|---|---|---|
| 003 | JO-AjNU | ||
| 008 | 230605s9999||||xx |||||||||||||| ||und|| | ||
| 017 | _a1979/1551 | ||
| 020 | _a977-7257-82-1 | ||
| 040 |
_aJO-AjNU _bara _erda _cJO-AjNU |
||
| 041 | _aara | ||
| 050 | 1 | 4 | _aKRM3056.B346.1979 |
| 100 | 3 |
_aالبكري، محمد عزمي, _eauthor _97621 |
|
| 245 | 0 | 0 | _aأحكام الايجار في قانون الإصلاح الزراعى |
| 250 | _aط1 | ||
| 264 | 3 | 1 | _aالقاهرة : دار الفكر العربى ، 1979 |
| 300 | _a218ص | ||
| 336 |
_atext _btxt _2rdacontent |
||
| 337 |
_aunmediated _bn _2rdamedia |
||
| 338 |
_avolume _bnc _2rdacarrier |
||
| 650 | 4 |
_aالإصلاح الزراعي -- قوانين وتشريعات -- مصر-- الايجارات -- قوانين وتشريعات -- مصر _97622 |
|
| 999 |
_aA373 _c3941 _d3941 |
||